Govt. of
Madhya Pradesh

Euclidean Transformation Geometry (Record no. 44506)

MARC details
000 -LEADER
fixed length control field 004410000a22001810004500
003 - CONTROL NUMBER IDENTIFIER
control field MACL
005 - DATE AND TIME OF LATEST TRANSACTION
control field 20150730152451.0
008 - FIXED-LENGTH DATA ELEMENTS--GENERAL INFORMATION
fixed length control field 150730b xxu||||| |||| 00| 0 eng d
040 ## - CATALOGING SOURCE
Original cataloging agency MACL
Transcribing agency MACL
041 ## - LANGUAGE CODE
Language code of text/sound track or separate title English
082 ## - DEWEY DECIMAL CLASSIFICATION NUMBER
Classification number 516/SIN
100 ## - MAIN ENTRY--PERSONAL NAME
Personal name Bajani, G.
9 (RLIN) 3486
245 ## - TITLE STATEMENT
Title Euclidean Transformation Geometry
260 ## - PUBLICATION, DISTRIBUTION, ETC. (IMPRINT)
Name of publisher, distributor, etc. Best Books
Date of publication, distribution, etc. 2009
Place of publication, distribution, etc. Kolkata
350 ## - PRICE (NR) (BK AM CF MU VM SE) [OBSOLETE]
Price 120.00
650 ## - SUBJECT ADDED ENTRY--TOPICAL TERM
Topical term or geographic name as entry element Goemetry
9 (RLIN) 3487
942 ## - ADDED ENTRY ELEMENTS (KOHA)
Koha item type Books
Call number prefix 516/SIN
Source of classification or shelving scheme
Holdings
Withdrawn status Lost status Source of classification or shelving scheme Damaged status Not for loan Home library Current library Date acquired Cost, normal purchase price Total Checkouts Full call number Barcode Date last seen Uniform Resource Identifier Price effective from Koha item type
          MACL MACL 15/04/2015 120.00   516/SIN CRE025430 02/05/2024 44783 15/04/2015 Books